[Event "Vesterhav"]
[Site "Esbjerg"]
[Date "2008.07.13"]
[Round "3"]
[White "Zachariassen, John"]
[Black "Mortensen, Carl Heinrich"]
[Result "1-0"]
[WhiteElo "1949"]
[BlackElo "1686"]
[PlyCount "57"]
[EventDate "2008.07.11"]
[EventType "swiss"]
[EventRounds "10"]
[EventCountry "DEN"]
[Source "ChessBase"]
[SourceDate "2008.09.01"]

1. c4 Nf6 2. g3 e5 3. Bg2 Nc6 4. Nf3 d6 5. Nc3 Be6 6. b3 h6 7. d3 Qd7 8. h3 Be7
9. Bb2 Nh7 10. Qd2 O-O-O 11. Nd5 f5 12. Nxe7+ Nxe7 13. c5 Nc6 14. b4 Nf6 15. b5
Nd4 16. Nxd4 exd4 17. c6 Qf7 18. cxb7+ Kd7 19. Qf4 Nd5 20. Qxd4 Qf6 21. O-O Rb8
22. e4 Qxd4 23. Bxd4 Nb6 24. Bxb6 axb6 25. exf5 Bxf5 26. Rfd1 Rhf8 27. a4 Be6
28. Bc6+ Ke7 29. a5 1-0

[Event "Vesterhav"]
[Site "Esbjerg"]
[Date "2008.07.13"]
[Round "3"]
[White "Zozulia, Anna"]
[Black "Ovsejevitsch, Sergei"]
[Result "1/2-1/2"]
[WhiteElo "2346"]
[BlackElo "2582"]
[PlyCount "54"]
[EventDate "2008.07.11"]
[EventType "swiss"]
[EventRounds "10"]
[EventCountry "DEN"]
[Source "ChessBase"]
[SourceDate "2008.09.01"]

1. e4 e5 2. Nf3 Nc6 3. Bb5 a6 4. Ba4 Nf6 5. O-O b5 6. Bb3 Bb7 7. Nc3 Be7 8. d3
d6 9. a3 O-O 10. Re1 Qd7 11. Nd5 Nxd5 12. Bxd5 Nd8 13. Bxb7 Nxb7 14. d4 exd4
15. Qxd4 Nc5 16. Qd5 c6 17. Qd4 Rfe8 18. Bd2 Qg4 19. e5 Qxd4 20. Nxd4 dxe5 21.
Nxc6 Bf6 22. Bb4 Rac8 23. Bxc5 Rxc6 24. b4 e4 25. Rad1 g6 26. Rd7 Bg7 27. f3
Bf8 1/2-1/2

[Event "Vesterhav"]
[Site "Esbjerg"]
[Date "2008.07.13"]
[Round "4"]
[White "Amberger, Dieter"]
[Black "Andersen, Jackie"]
[Result "1/2-1/2"]
[WhiteElo "2110"]
[BlackElo "2300"]
[PlyCount "54"]
[EventDate "2008.07.11"]
[EventType "swiss"]
[EventRounds "10"]
[EventCountry "DEN"]
[Source "ChessBase"]
[SourceDate "2008.09.01"]

1. d4 g6 2. e4 Nf6 3. Nc3 d5 4. e5 Ne4 5. Nxe4 dxe4 6. Bc4 Bg7 7. Be3 c5 8. c3
cxd4 9. cxd4 Nc6 10. Qd2 O-O 11. Ne2 Na5 12. b3 b6 13. O-O Nxc4 14. bxc4 Ba6
15. Rfc1 Rc8 16. Qb4 Qc7 17. Ng3 Bxc4 18. Nxe4 a5 19. Qa3 Qb7 20. f3 Bd5 21.
Nc3 Bxf3 22. gxf3 Qxf3 23. Nb5 Qg4+ 24. Kf2 Qh4+ 25. Kg2 Qg4+ 26. Kf2 Qh4+ 27.
Kg2 Qg4+ 1/2-1/2

[Event "Vesterhav"]
[Site "Esbjerg"]
[Date "2008.07.13"]
[Round "4"]
[White "Andersen, Daniel"]
[Black "Andersen, Vagn Skov"]
[Result "1-0"]
[WhiteElo "1969"]
[BlackElo "1778"]
[PlyCount "69"]
[EventDate "2008.07.11"]
[EventType "swiss"]
[EventRounds "10"]
[EventCountry "DEN"]
[Source "ChessBase"]
[SourceDate "2008.09.01"]

1. c4 d6 2. d4 f5 3. Nc3 Nf6 4. Bg5 Nbd7 5. Qd3 g6 6. e4 fxe4 7. Nxe4 Bg7 8. h4
Nxe4 9. Qxe4 Nf6 10. Qe3 c6 11. O-O-O Qa5 12. Kb1 Bf5+ 13. Ka1 O-O 14. f3 Rae8
15. g4 Nxg4 16. fxg4 Bxg4 17. Be2 Bxe2 18. Nxe2 e5 19. d5 c5 20. h5 e4 21. hxg6
Rf3 22. Qc1 hxg6 23. Bh6 Ra3 24. Qb1 Be5 25. Nf4 Rb3 26. Rh2 Qa4 27. Rg2 Kh7
28. Rh1 Bxf4 29. Bxf4+ Kg7 30. Rhg1 Rf3 31. Rxg6+ Kf7 32. Bxd6 Qxc4 33. Qe1 Rf1
34. Rxf1+ Kxg6 35. Qg3+ 1-0

[Event "Vesterhav"]
[Site "Esbjerg"]
[Date "2008.07.13"]
[Round "4"]
[White "Andreasen, Per"]
[Black "Kovshoj, Sune"]
[Result "0-1"]
[WhiteElo "1771"]
[BlackElo "2013"]
[PlyCount "54"]
[EventDate "2008.07.11"]
[EventType "swiss"]
[EventRounds "10"]
[EventCountry "DEN"]
[Source "ChessBase"]
[SourceDate "2008.09.01"]

1. d4 g6 2. Nf3 Bg7 3. e3 Nf6 4. Bd3 O-O 5. Nbd2 d6 6. c3 Nbd7 7. O-O e5 8. Ne4
Nxe4 9. Bxe4 f5 10. Bd5+ Kh8 11. dxe5 dxe5 12. Be6 Qe7 13. Bxd7 Bxd7 14. b3
Rad8 15. Qc2 Bc6 16. Re1 Rd7 17. Bb2 Rfd8 18. Rad1 Be4 19. Rxd7 Qxd7 20. Qe2
Bd3 21. Qd2 e4 22. Nd4 c5 23. Ne2 Bb5 24. Qxd7 Rxd7 25. Nf4 Rd2 26. Rb1 g5 27.
c4 Bxb2 0-1

[Event "Vesterhav"]
[Site "Esbjerg"]
[Date "2008.07.13"]
[Round "4"]
[White "Ashwin, Jayaram"]
[Black "Pedersen, Jan Rode"]
[Result "1-0"]
[WhiteElo "2436"]
[BlackElo "2206"]
[PlyCount "89"]
[EventDate "2008.07.11"]
[EventType "swiss"]
[EventRounds "10"]
[EventCountry "DEN"]
[Source "ChessBase"]
[SourceDate "2008.09.01"]

1. e4 e5 2. Nf3 Nc6 3. Bc4 Nf6 4. d3 Bc5 5. Bb3 h6 6. h3 O-O 7. Nbd2 Nh5 8. c3
d6 9. d4 Bb6 10. Nc4 Qf6 11. O-O Nf4 12. Bxf4 Qxf4 13. Qd3 Re8 14. Rfe1 exd4
15. cxd4 Na5 16. Nxa5 Bxa5 17. Qb5 Bxh3 18. Qxa5 Bxg2 19. Kxg2 Qg4+ 20. Kh2
Qf4+ 21. Kg1 Qg4+ 22. Kf1 Qh3+ 23. Ke2 Rxe4+ 24. Kd3 Qxf3+ 25. Re3 Rxe3+ 26.
fxe3 c5 27. Re1 b6 28. Qb5 cxd4 29. Qd5 Qxd5 30. Bxd5 Re8 31. Kxd4 Kf8 32. Rc1
g6 33. Rc6 Re7 34. Rxd6 Rc7 35. e4 Ke7 36. e5 Rc2 37. Rf6 Rd2+ 38. Kc4 b5+ 39.
Kc5 Rc2+ 40. Kxb5 Rxb2+ 41. Ka6 Rd2 42. Rxf7+ Ke8 43. Bb3 h5 44. e6 Rd4 45. Rg7
1-0

[Event "Vesterhav"]
[Site "Esbjerg"]
[Date "2008.07.13"]
[Round "4"]
[White "Bonnelykke, Ole"]
[Black "Jensen, Torben Richard"]
[Result "0-1"]
[WhiteElo "2148"]
[BlackElo "1968"]
[PlyCount "58"]
[EventDate "2008.07.11"]
[EventType "swiss"]
[EventRounds "10"]
[EventCountry "DEN"]
[Source "ChessBase"]
[SourceDate "2008.09.01"]

1. f4 d5 2. Nf3 Nf6 3. d4 Bf5 4. e3 e6 5. Bd3 Ne4 6. O-O c5 7. Bb5+ Nc6 8. Ne5
Qc8 9. c4 f6 10. g4 Bg6 11. cxd5 exd5 12. f5 fxe5 13. dxe5 Bf7 14. Nc3 Nxc3 15.
bxc3 a6 16. Bxc6+ Qxc6 17. e6 Bxe6 18. fxe6 Qxe6 19. Qf3 O-O-O 20. Bd2 c4 21.
Rab1 g6 22. Qg2 Bc5 23. Rfe1 Rhf8 24. Kh1 Qe4 25. Rb2 Rf3 26. a4 Rdf8 27. Kg1
R8f4 28. h3 Rf7 29. a5 Qe5 0-1

[Event "Vesterhav"]
[Site "Esbjerg"]
[Date "2008.07.13"]
[Round "4"]
[White "Christensen, Michael"]
[Black "Pedersen, Lars Wisler"]
[Result "0-1"]
[WhiteElo "1509"]
[BlackElo "1893"]
[PlyCount "86"]
[EventDate "2008.07.11"]
[EventType "swiss"]
[EventRounds "10"]
[EventCountry "DEN"]
[Source "ChessBase"]
[SourceDate "2008.09.01"]

1. Nf3 d5 2. d4 c6 3. c4 e6 4. Nc3 f5 5. e3 Nf6 6. cxd5 cxd5 7. Bd2 Be7 8. Bd3
O-O 9. O-O Bd7 10. Rc1 Be8 11. h3 Bh5 12. Be2 Ne4 13. Ne5 Bxe2 14. Qxe2 Nd7 15.
Nxd7 Qxd7 16. Nxe4 fxe4 17. f3 exf3 18. Rxf3 Rxf3 19. Qxf3 Bf6 20. Qf4 Rc8 21.
Rxc8+ Qxc8 22. Bc3 h6 23. Qd6 Bg5 24. Kf2 Qf8+ 25. Qxf8+ Kxf8 26. Kf3 Ke7 27.
b3 h5 28. g4 hxg4+ 29. hxg4 Kd6 30. Bb4+ Kc6 31. Ke2 Kb5 32. Bc3 Be7 33. a4+
Kc6 34. Kd3 b5 35. axb5+ Kxb5 36. e4 Bb4 37. exd5 exd5 38. Bxb4 Kxb4 39. Kc2 g5
40. Kb2 a5 41. Kc2 a4 42. bxa4 Kxa4 43. Kc3 Ka3 0-1

[Event "Vesterhav"]
[Site "Esbjerg"]
[Date "2008.07.13"]
[Round "4"]
[White "Christensen, Svend Ib"]
[Black "Nielsen, Aage Sondergaard"]
[Result "1-0"]
[WhiteElo "1531"]
[BlackElo "1938"]
[PlyCount "151"]
[EventDate "2008.07.11"]
[EventType "swiss"]
[EventRounds "10"]
[EventCountry "DEN"]
[Source "ChessBase"]
[SourceDate "2008.09.01"]

1. d4 f5 2. Nf3 g6 3. Bf4 d6 4. c3 Nf6 5. h3 Bg7 6. e3 Be6 7. Nbd2 h6 8. Bc4
Qc8 9. Qb3 Bxc4 10. Qxc4 c6 11. O-O-O g5 12. Bh2 Ne4 13. Nxe4 fxe4 14. Nd2 d5
15. Qe2 Qe6 16. Qg4 Qxg4 17. hxg4 Nd7 18. Rdf1 O-O-O 19. f3 Nf6 20. Be5 exf3
21. gxf3 Rh7 22. e4 Rdh8 23. Bxf6 exf6 24. Rh5 Kd7 25. exd5 cxd5 26. Re1 Rc8
27. Kd1 Bf8 28. Nf1 Rc6 29. Ne3 Rd6 30. Nf5 Re6 31. Rhh1 Rxe1+ 32. Kxe1 Ke6 33.
Kd2 h5 34. Ng3 h4 35. Re1+ Kd7 36. Nh5 Be7 37. Ke2 f5 38. Kf2 fxg4 39. fxg4
Rf7+ 40. Kg2 Bd6 41. Re2 b5 42. a3 a5 43. Re3 Be7 44. Re2 b4 45. axb4 axb4 46.
cxb4 Kc6 47. Re5 Kb5 48. Rxd5+ Kxb4 49. Rd7 h3+ 50. Kxh3 Rf3+ 51. Kg2 Re3 52.
Ng3 Bf6 53. Nf5 Re4 54. Kf3 Rf4+ 55. Kg3 Ka4 56. Ra7+ Kb3 57. Rb7+ Kc4 58. b3+
Kd3 59. Rc7 Ke4 60. Rc3 Bd8 61. Re3+ Kd5 62. Rf3 Re4 63. Kh3 Bc7 64. Rc3 Bf4
65. b4 Re2 66. Ng3 Rf2 67. b5 Kxd4 68. Ra3 Bd6 69. Nf5+ Rxf5 70. Ra4+ Kc5 71.
gxf5 Kxb5 72. Re4 Kc6 73. Kg4 Bf4 74. f6 Kd7 75. f7 Bd6 76. Kxg5 1-0

[Event "Vesterhav"]
[Site "Esbjerg"]
[Date "2008.07.13"]
[Round "4"]
[White "Dyrgaard, Kristoffer"]
[Black "Nielsen, Lasse Simoni"]
[Result "1/2-1/2"]
[WhiteElo "2173"]
[BlackElo "1888"]
[PlyCount "49"]
[EventDate "2008.07.11"]
[EventType "swiss"]
[EventRounds "10"]
[EventCountry "DEN"]
[Source "ChessBase"]
[SourceDate "2008.09.01"]

1. e4 e6 2. Nf3 d5 3. Nc3 dxe4 4. Nxe4 Nd7 5. d4 Ngf6 6. Bd3 b6 7. O-O Be7 8.
Bf4 O-O 9. c3 Bb7 10. Nxf6+ Nxf6 11. Bc2 c5 12. Be5 Be4 13. Re1 Bg6 14. Bxg6
hxg6 15. Qa4 Qd7 16. Qxd7 Nxd7 17. Bg3 Bf6 18. Rad1 Rfe8 19. Kf1 cxd4 20. Nxd4
Nc5 21. Bd6 Nb7 22. Ba3 a6 23. c4 Rac8 24. b3 Red8 25. Nf3 1/2-1/2

[Event "Vesterhav"]
[Site "Esbjerg"]
[Date "2008.07.13"]
[Round "4"]
[White "Flindt, Thomas"]
[Black "Kristensen, Hans Hald"]
[Result "1-0"]
[WhiteElo "2166"]
[BlackElo "1820"]
[PlyCount "67"]
[EventDate "2008.07.11"]
[EventType "swiss"]
[EventRounds "10"]
[EventCountry "DEN"]
[Source "ChessBase"]
[SourceDate "2008.09.01"]

1. Nc3 Nf6 2. e4 d6 3. d4 g6 4. Be2 Bg7 5. Be3 c6 6. g4 Qa5 7. f3 h5 8. g5 Nh7
9. Qd2 b5 10. f4 Nd7 11. Nf3 a6 12. O-O c5 13. f5 gxf5 14. exf5 Bb7 15. a3 cxd4
16. Nxd4 Ne5 17. g6 Nf8 18. gxf7+ Kxf7 19. Qd1 Ng4 20. Bxg4 hxg4 21. Qxg4 Be5
22. Nf3 Bxf3 23. Qxf3 Rc8 24. Qd5+ Ke8 25. Bd4 Bxd4+ 26. Qxd4 Rg8+ 27. Kh1 Rc4
28. f6 Rg6 29. fxe7 Kxe7 30. Nd5+ Kd7 31. Rf7+ Kc6 32. Ne7+ Kd7 33. Nxg6+ Ke8
34. Rxf8+ 1-0

[Event "Vesterhav"]
[Site "Esbjerg"]
[Date "2008.07.13"]
[Round "4"]
[White "Fogh, Jens Olaf Svanholm"]
[Black "Andersen, Morten"]
[Result "0-1"]
[WhiteElo "2032"]
[BlackElo "2185"]
[PlyCount "134"]
[EventDate "2008.07.11"]
[EventType "swiss"]
[EventRounds "10"]
[EventCountry "DEN"]
[Source "ChessBase"]
[SourceDate "2008.09.01"]

1. d4 Nf6 2. Nf3 g6 3. e3 Bg7 4. Bd3 O-O 5. O-O d6 6. c3 Nc6 7. Qc2 Bg4 8. Nbd2
e5 9. e4 exd4 10. Nxd4 Ne5 11. Be2 Bxe2 12. Nxe2 Re8 13. Ng3 d5 14. Qb3 dxe4
15. Qxb7 e3 16. fxe3 Re6 17. Nde4 Nfg4 18. Qb3 Rb6 19. Qc2 Qh4 20. h3 f5 21.
hxg4 fxe4 22. Nxe4 Nxg4 23. g3 Qe7 24. Qd3 Kh8 25. Nf2 Ne5 26. Qe2 Rf8 27. e4
Re6 28. Bf4 g5 29. Bxe5 Bxe5 30. Kg2 Bd6 31. b4 Qg7 32. Qe3 a6 33. Rad1 h5 34.
Rd5 Bf4 35. Qd3 Be5 36. Rd7 Qf6 37. Nh3 Qxf1+ 38. Qxf1 Rxf1 39. Kxf1 Bxc3 40.
Rxc7 Bxb4 41. Nxg5 Rg6 42. Rh7+ Kg8 43. Rxh5 Be7 44. Nf3 Rxg3 45. Kf2 Rg4 46.
Ke3 Bd8 47. Rh6 a5 48. Rc6 Kf8 49. a4 Rg2 50. Kd4 Ra2 51. Rc4 Be7 52. Ke5 Bb4
53. Kf6 Be7+ 54. Ke6 Bb4 55. Nd4 Rxa4 56. Nf5 Kg8 57. e5 Ra1 58. Rg4+ Kh8 59.
Kf6 Rf1 60. Rh4+ Kg8 61. Ke6 Bc3 62. Rc4 Bb4 63. Rc7 Rf3 64. Rg7+ Kh8 65. Kf6
Rxf5+ 66. Kxf5 Kxg7 67. e6 a4 0-1

[Event "Vesterhav"]
[Site "Esbjerg"]
[Date "2008.07.13"]
[Round "4"]
[White "Fries Nielsen, Jens Ove"]
[Black "Evdokimov, Alexander A"]
[Result "0-1"]
[WhiteElo "2397"]
[BlackElo "2555"]
[PlyCount "188"]
[EventDate "2008.07.11"]
[EventType "swiss"]
[EventRounds "10"]
[EventCountry "DEN"]
[Source "ChessBase"]
[SourceDate "2008.09.01"]

1. Nf3 c5 2. e4 Nc6 3. Bb5 g6 4. Bxc6 bxc6 5. O-O Bg7 6. Re1 Nh6 7. c3 O-O 8.
d4 cxd4 9. cxd4 d6 10. Nbd2 f6 11. Qc2 Bd7 12. b3 Nf7 13. Bb2 e5 14. Rad1 Qc7
15. h3 Rfd8 16. Rc1 Rac8 17. Bc3 Be6 18. Qb2 Bh6 19. Rcd1 Rd7 20. Nf1 Bf4 21.
Bd2 Bxd2 22. Rxd2 Rdd8 23. Rc2 Qb7 24. Ne3 c5 25. dxc5 Rxc5 26. Rxc5 dxc5 27.
Qc2 Qb4 28. Rc1 Rc8 29. Nd2 Nd6 30. Ndc4 Nb5 31. Qd3 Nd4 32. Nd5 Bxd5 33. exd5
Rd8 34. d6 Qb7 35. Re1 Qd5 36. Qc3 Rd7 37. Qa5 Qc6 38. Qd2 Ne6 39. Qe3 Nf4 40.
f3 Qd5 41. Kh2 Kf7 42. Qc3 Qd4 43. Qc2 Ne6 44. Re4 Qd5 45. Qf2 Nd4 46. Qe1 Nf5
47. f4 Nxd6 48. Nxd6+ Qxd6 49. fxe5 fxe5 50. Qg3 Re7 51. Qf2+ Kg7 52. Qg3 Re6
53. Qc3 Kf7 54. Qg3 Qd5 55. Qe3 Qd6 56. Qg3 Qe7 57. Qe3 Kg7 58. Qg3 h6 59. Qc3
Kh7 60. Qe3 Qd6 61. Qg3 Re7 62. Qc3 Qd5 63. Qe3 Qd6 64. Qg3 Re8 65. Qc3 a6 66.
Qg3 Qf6 67. Qc3 Qd6 68. Qg3 Re7 69. Qc3 h5 70. Qg3 Re8 71. Qc3 Kh6 72. Qe3+ Kg7
73. Qc3 Kf6 74. Qf3+ Ke6 75. Qe2 Rf8 76. Qc4+ Ke7 77. Qc3 Rf5 78. Qe3 Kf7 79.
Qe2 Rf4 80. Rxf4+ exf4 81. Qf3 Kg7 82. h4 Qf6 83. Kh3 Qf5+ 84. Kh2 Qf6 85. Kh3
Kh6 86. Qe4 Qc3+ 87. Kh2 Qg3+ 88. Kg1 Qxh4 89. Qe5 Qg3 90. Qh8+ Kg5 91. Qd8+
Kg4 92. Qd7+ Kh4 93. Qe7+ g5 94. Kf1 Qd3+ 0-1

[Event "Vesterhav"]
[Site "Esbjerg"]
[Date "2008.07.13"]
[Round "4"]
[White "Hagen, Andreas Skytte"]
[Black "Hoffmann, Tobias Breinholt"]
[Result "1-0"]
[WhiteElo "2288"]
[BlackElo "2034"]
[PlyCount "49"]
[EventDate "2008.07.11"]
[EventType "swiss"]
[EventRounds "10"]
[EventCountry "DEN"]
[Source "ChessBase"]
[SourceDate "2008.09.01"]

1. Nf3 d5 2. d4 Nf6 3. c4 e6 4. g3 Be7 5. Bg2 O-O 6. O-O Nbd7 7. Nbd2 c6 8. Qc2
b5 9. c5 Ne8 10. e4 f5 11. exf5 exf5 12. Nb3 Kh8 13. Re1 Nef6 14. Bd2 Ne4 15.
Na5 Qc7 16. b4 f4 17. Bxf4 Rxf4 18. gxf4 Qxf4 19. Nxc6 Bh4 20. Nxh4 Qxh4 21. f3
Nef6 22. Qf2 Qh5 23. Qg3 Nf8 24. Re7 Ng6 25. Rxa7 1-0

[Event "Vesterhav"]
[Site "Esbjerg"]
[Date "2008.07.13"]
[Round "4"]
[White "Hansen, Erik Hedegaard"]
[Black "Sande Caceres, Cipriano"]
[Result "1-0"]
[WhiteElo "1818"]
[BlackElo "1792"]
[PlyCount "69"]
[EventDate "2008.07.11"]
[EventType "swiss"]
[EventRounds "10"]
[EventCountry "DEN"]
[Source "ChessBase"]
[SourceDate "2008.09.01"]

1. d4 Nf6 2. c4 e6 3. e3 c5 4. Nf3 b6 5. Nc3 Bb7 6. d5 exd5 7. cxd5 d6 8. Be2
Be7 9. O-O O-O 10. e4 Nbd7 11. Ne1 Ne8 12. Nd3 Ba6 13. Re1 Bf6 14. Be3 Ne5 15.
Nxe5 Bxe2 16. Rxe2 dxe5 17. d6 Qxd6 18. Rd2 Qc6 19. Rd7 Nc7 20. Rd6 Qe8 21. Qg4
Qc8 22. Rd7 Rd8 23. Rad1 Rxd7 24. Rxd7 Ne6 25. Nd5 Kf8 26. Nxf6 gxf6 27. Bh6+
Ke8 28. Rd6 Ke7 29. Rd5 Qg8 30. Qd1 Rd8 31. Qa4 Rxd5 32. exd5 Nd4 33. Qxa7+ Kd6
34. Qb7 Qg6 35. Bf8# 1-0

[Event "Vesterhav"]
[Site "Esbjerg"]
[Date "2008.07.13"]
[Round "4"]
[White "Hansen, Ib Lynaes"]
[Black "Hasbo, Mikkel"]
[Result "1-0"]
[WhiteElo "1926"]
[BlackElo "1485"]
[PlyCount "57"]
[EventDate "2008.07.11"]
[EventType "swiss"]
[EventRounds "10"]
[EventCountry "DEN"]
[Source "ChessBase"]
[SourceDate "2008.09.01"]

1. e4 e5 2. Nf3 Nc6 3. Bb5 d6 4. h3 Nf6 5. d3 Be7 6. c3 O-O 7. O-O Bd7 8. Nbd2
a6 9. Ba4 h6 10. Bb3 Be6 11. Bxe6 fxe6 12. Qe2 Qe8 13. Nh2 Nh5 14. Ndf3 Qg6 15.
Kh1 Rf7 16. Rg1 Raf8 17. g3 Bg5 18. Rg2 Nb8 19. Bxg5 hxg5 20. Rf1 Nd7 21. Qe3
Nf4 22. gxf4 exf4 23. Qe1 Ne5 24. Nxe5 dxe5 25. Nf3 Qh6 26. Rh2 Qh5 27. Qd1 Rf6
28. Rg1 Rg6 29. Nxe5 1-0

[Event "Vesterhav"]
[Site "Esbjerg"]
[Date "2008.07.13"]
[Round "4"]
[White "Haslinger, Ewald"]
[Black "Kops, John"]
[Result "0-1"]
[WhiteElo "1711"]
[BlackElo "1979"]
[PlyCount "62"]
[EventDate "2008.07.11"]
[EventType "swiss"]
[EventRounds "10"]
[EventCountry "DEN"]
[Source "ChessBase"]
[SourceDate "2008.09.01"]

1. e4 c6 2. d4 d5 3. exd5 cxd5 4. Nf3 Nf6 5. c4 e6 6. Bg5 Be7 7. Nbd2 O-O 8.
Be2 Nc6 9. Nb3 Ne4 10. Bxe7 Nxe7 11. O-O b6 12. Nbd2 Nxd2 13. Qxd2 dxc4 14.
Bxc4 Bb7 15. Ne5 Rc8 16. Rfd1 Qd6 17. Qe2 Nf5 18. b3 Rfd8 19. Bd3 Qd5 20. Qg4
Qxd4 21. Bxf5 Qxe5 22. Rxd8+ Rxd8 23. Bxh7+ Kxh7 24. Qh4+ Kg6 25. Rc1 Qg5 26.
Qxg5+ Kxg5 27. f3 Rc8 28. Rd1 Rc7 29. Rd8 Bd5 30. Rg8 g6 31. h4+ Kxh4 0-1

[Event "Vesterhav"]
[Site "Esbjerg"]
[Date "2008.07.13"]
[Round "4"]
[White "Hoiberg, Nina"]
[Black "Jensby, Morten"]
[Result "1-0"]
[WhiteElo "2211"]
[BlackElo "2021"]
[PlyCount "65"]
[EventDate "2008.07.11"]
[EventType "swiss"]
[EventRounds "10"]
[EventCountry "DEN"]
[Source "ChessBase"]
[SourceDate "2008.09.01"]

1. e4 c5 2. Nf3 Nc6 3. Nc3 g6 4. d4 cxd4 5. Nxd4 Bg7 6. Nb3 Nf6 7. Be2 a6 8.
O-O b5 9. a3 O-O 10. Re1 d6 11. Bf1 Be6 12. Bg5 Rc8 13. Nd5 Bxd5 14. exd5 Ne5
15. c3 Qb6 16. a4 Nc4 17. axb5 axb5 18. Rxe7 Nxb2 19. Qf3 Ne8 20. Nd4 Rxc3 21.
Qxc3 Bxd4 22. Qf3 Nc4 23. Rd1 Bg7 24. Bxc4 bxc4 25. Qe4 Qd8 26. Re1 Nf6 27. Qf3
Nd7 28. Qg4 f5 29. Qe2 Nf6 30. Qe6+ Kh8 31. Bxf6 Bxf6 32. Rd7 Qa5 33. Qxf6+ 1-0

[Event "Vesterhav"]
[Site "Esbjerg"]
[Date "2008.07.13"]
[Round "4"]
[White "Iljushin, Alexei"]
[Black "Carlstedt, Jonathan"]
[Result "1-0"]
[WhiteElo "2546"]
[BlackElo "2203"]
[PlyCount "119"]
[EventDate "2008.07.11"]
[EventType "swiss"]
[EventRounds "10"]
[EventCountry "DEN"]
[Source "ChessBase"]
[SourceDate "2008.09.01"]

1. d4 Nf6 2. c4 c5 3. d5 e6 4. Nc3 exd5 5. cxd5 d6 6. e4 g6 7. Be2 Bg7 8. Nf3
O-O 9. O-O Bg4 10. Bf4 a6 11. a4 Bxf3 12. Bxf3 Qe7 13. Re1 Nbd7 14. Qd2 Rfe8
15. h3 Ne5 16. Be2 Qc7 17. Bf1 Rab8 18. a5 c4 19. Na4 Nfd7 20. Be3 Nd3 21. Bxd3
cxd3 22. Rec1 Qd8 23. Qxd3 Qxa5 24. Nb6 Ne5 25. Qc2 Qb5 26. Ra3 Red8 27. f4 Nd7
28. Rb3 Qa5 29. Nc4 Qc7 30. Qf2 Nc5 31. Nxd6 b6 32. e5 f6 33. Bxc5 bxc5 34.
Rxc5 Qe7 35. Rxb8 Rxb8 36. Nc4 fxe5 37. d6 Qe6 38. fxe5 Rf8 39. Qd2 Qf5 40. d7
Bh6 41. Qxh6 Qf2+ 42. Kh2 Qxc5 43. Qh4 Qc7 44. Qd4 Rd8 45. Nb6 Qc6 46. b4 Qe6
47. Qc5 Kg7 48. Qe3 Kg8 49. Kh1 Kf7 50. Qc5 Qf5 51. Kg1 Qe4 52. Qf2+ Kg8 53.
Qf6 Qd4+ 54. Kh2 Rf8 55. Qe6+ Kh8 56. Nd5 Qh4 57. Qf6+ Qxf6 58. Nxf6 Rb8 59. e6
Kg7 60. e7 1-0

[Event "Vesterhav"]
[Site "Esbjerg"]
[Date "2008.07.13"]
[Round "4"]
[White "Jacobsen, Mads Holger Bang"]
[Black "Andersen, Mads"]
[Result "0-1"]
[WhiteElo "1831"]
[BlackElo "2092"]
[PlyCount "112"]
[EventDate "2008.07.11"]
[EventType "swiss"]
[EventRounds "10"]
[EventCountry "DEN"]
[Source "ChessBase"]
[SourceDate "2008.09.01"]

1. d4 Nf6 2. c4 g6 3. Nc3 d5 4. Bf4 Bg7 5. e3 O-O 6. cxd5 Nxd5 7. Nxd5 Qxd5 8.
Bxc7 Na6 9. Bxa6 Qxg2 10. Qf3 Qxf3 11. Nxf3 bxa6 12. Ke2 Bb7 13. Rac1 f6 14.
Rhd1 e6 15. Ba5 Rf7 16. Rc3 Rb8 17. b4 Bf8 18. a3 Bd6 19. h4 Rc8 20. Rxc8+ Bxc8
21. Nd2 Bb7 22. Rc1 h5 23. Nb3 g5 24. Nc5 Bxc5 25. dxc5 Bc6 26. Rg1 g4 27. Rc1
Kf8 28. Kf1 Rd7 29. b5 axb5 30. Bc3 Kf7 31. Ke1 Rd3 32. Ke2 Rd5 33. Bb4 Rd7 34.
Ke1 e5 35. Rd1 Rxd1+ 36. Kxd1 Ke6 37. Kd2 Be4 38. c6 Bxc6 39. Kd3 f5 40. Bc5 a6
41. Bb4 Be4+ 42. Kd2 Kd5 43. Kc3 Bg2 44. Kd2 Bf1 45. Bc3 Ke4 46. Bb2 Bc4 47.
Bc3 f4 48. exf4 exf4 49. Ba5 Kf3 50. Ke1 g3 51. fxg3 fxg3 52. Bb6 g2 53. Ba7 a5
54. Bb6 b4 55. axb4 axb4 56. Kd2 Kg3 0-1

[Event "Vesterhav"]
[Site "Esbjerg"]
[Date "2008.07.13"]
[Round "4"]
[White "Jensen, Leif Haugaard"]
[Black "Jensen, John Klaus"]
[Result "1-0"]
[WhiteElo "2010"]
[BlackElo "1960"]
[PlyCount "71"]
[EventDate "2008.07.11"]
[EventType "swiss"]
[EventRounds "10"]
[EventCountry "DEN"]
[Source "ChessBase"]
[SourceDate "2008.09.01"]

1. e4 c5 2. g3 Nc6 3. Bg2 d6 4. c3 g6 5. d3 Nf6 6. f4 Bg7 7. Nf3 O-O 8. O-O Bg4
9. h3 Bd7 10. Kh2 e5 11. Be3 Nh5 12. f5 Qc8 13. g4 Nf4 14. Qd2 Nxg2 15. Qxg2 f6
16. Nbd2 g5 17. h4 h6 18. hxg5 hxg5 19. Kg3 Kf7 20. Rh1 Qc7 21. Rh7 Rh8 22.
Rah1 Rag8 23. Qh3 Rxh7 24. Qxh7 Qd8 25. Nxg5+ fxg5 26. Qg6+ Kf8 27. Bxg5 Ne7
28. Qxd6 Kf7 29. Qxc5 Bc6 30. Nf3 Bf6 31. Bxf6 Kxf6 32. Qxe5+ Kf7 33. Qe6+ Ke8
34. Ne5 Qb6 35. f6 Qe3+ 36. Nf3 1-0

[Event "Vesterhav"]
[Site "Esbjerg"]
[Date "2008.07.13"]
[Round "4"]
[White "Kallenbach, Uffe"]
[Black "Hansen, Rene Rauer"]
[Result "0-1"]
[WhiteElo "1591"]
[BlackElo "2001"]
[PlyCount "48"]
[EventDate "2008.07.11"]
[EventType "swiss"]
[EventRounds "10"]
[EventCountry "DEN"]
[Source "ChessBase"]
[SourceDate "2008.09.01"]

1. d4 Nf6 2. c4 g6 3. Nc3 Bg7 4. e4 d6 5. f3 O-O 6. Be3 e5 7. Nge2 Nc6 8. Qd2
exd4 9. Nxd4 Ne5 10. Be2 Re8 11. O-O c6 12. Rae1 Qc7 13. b4 Bd7 14. h3 Be6 15.
Nxe6 fxe6 16. f4 Nf7 17. g4 Rad8 18. g5 Nd7 19. Qc1 d5 20. e5 Nxg5 21. fxg5
Qxe5 22. Bd2 Qg3+ 23. Kh1 Qxh3+ 24. Kg1 Bd4+ 0-1

[Event "Vesterhav"]
[Site "Esbjerg"]
[Date "2008.07.13"]
[Round "4"]
[White "Lauritsen, Martin Lee"]
[Black "Voss, Janine"]
[Result "1-0"]
[WhiteElo "2063"]
[BlackElo "1832"]
[PlyCount "77"]
[EventDate "2008.07.11"]
[EventType "swiss"]
[EventRounds "10"]
[EventCountry "DEN"]
[Source "ChessBase"]
[SourceDate "2008.09.01"]

1. e4 c5 2. Nf3 d6 3. Bc4 Nc6 4. O-O g6 5. c3 Bg7 6. d4 cxd4 7. Nxd4 Ne5 8.
Bb5+ Bd7 9. Qa4 Nf6 10. f3 O-O 11. Be3 d5 12. exd5 Nxd5 13. Bf2 Qc8 14. Nd2 Rd8
15. Bxd7 Qxd7 16. Qc2 Rac8 17. Ne4 Nc4 18. Rfe1 Bh6 19. Ng3 b5 20. Nf1 b4 21.
Rad1 bxc3 22. bxc3 Qc7 23. Nb5 Qa5 24. Nxa7 Rc7 25. Qb3 Rxa7 26. Qxc4 Rc7 27.
Qh4 Bf4 28. Rxd5 Rxd5 29. Qxf4 Qxc3 30. Bg3 Rc4 31. Qb8+ Rc8 32. Qb7 Qa5 33.
Re2 e6 34. Be1 Qc5+ 35. Bf2 Qc4 36. Rd2 Rb5 37. Qd7 Rb1 38. Rd1 Rb4 39. Rd4 1-0

[Event "Vesterhav"]
[Site "Esbjerg"]
[Date "2008.07.13"]
[Round "4"]
[White "Leenhouts, Koen"]
[Black "Grove, Peter"]
[Result "1/2-1/2"]
[WhiteElo "2400"]
[BlackElo "2109"]
[PlyCount "102"]
[EventDate "2008.07.11"]
[EventType "swiss"]
[EventRounds "10"]
[EventCountry "DEN"]
[Source "ChessBase"]
[SourceDate "2008.09.01"]

1. e4 c5 2. Nf3 d6 3. d4 cxd4 4. Nxd4 Nf6 5. Nc3 g6 6. Be3 Bg7 7. f3 O-O 8. Qd2
Nc6 9. Bc4 Bd7 10. O-O-O Rb8 11. Bb3 Na5 12. Bh6 b5 13. Bxg7 Kxg7 14. Qe2 Nxb3+
15. Nxb3 b4 16. Nd5 Nxd5 17. exd5 Rb5 18. h4 a5 19. h5 a4 20. hxg6 fxg6 21. Qe3
axb3 22. Qh6+ Kf6 23. Qh4+ Kf7 24. Qxh7+ Kf6 25. g4 Rxd5 26. Rxd5 bxa2 27. Rg5
a1=Q+ 28. Kd2 Rg8 29. Rxa1 Kxg5 30. f4+ Kf6 31. g5+ Ke6 32. Re1+ Kd5 33. Rxe7
Bc6 34. Qh1+ Kc5 35. Qg1+ Kb5 36. Qf1+ Kb6 37. Qf2+ Kb5 38. Qe2+ Kc5 39. Qe3+
Kb5 40. Qe2+ Kc5 41. b3 d5 42. Qe3+ d4 43. Qe2 Qd6 44. Qc4+ Kb6 45. Re6 Qxf4+
46. Kd1 Qg4+ 47. Kc1 Qxg5+ 48. Kb2 Qc5 49. Rxc6+ Kxc6 50. Qxg8 g5 51. Qc8+ Kb6
1/2-1/2